00550nam a2200193Ia 4500008004100000041001200041082001200053100003100065245005300096260003400149300000800183365000800191520001300199546001200212630005300224650001300277655001300290730005300303101110s9999 xx 000 0 und d aMARATHI bSR33264 aLiman S.S. & Raverkar D.P. aVyavasthapakiya va vittiya tatve (Com-II) SYBCom c2009bSheth Prakashan, Mumbai a120 b140 aCommerce aMARATHI aVyavasthapakiya va vittiya tatve (Com-II) SYBCom aCommerce aCommerce aVyavasthapakiya va vittiya tatve (Com-II) SYBCom